书目信息 |
| 题名: |
再见故宫
|
|
| 作者: | 安意如 著 ;李少白 摄 | |
| 分册: | ||
| 出版信息: | 北京 光明日报出版社 2012.12 |
|
| 页数: | 256页 | |
| 开本: | 23cm | |
| 丛书名: | ||
| 单 册: | ||
| 中图分类: | I267 , K928.74-64 | |
| 科图分类: | ||
| 主题词: | 散文集--中国--当代 , 故宫--北京--摄影集 , 散文集 , 故宫 | |
| 电子资源: | ||
| ISBN: | 978-7-5112-3426-1 | |
| 000 | 00829nam0 2200289 450 | |
| 001 | 005731828 | |
| 005 | 20130608090820.76 | |
| 010 | @a978-7-5112-3426-1@dCNY39.80 | |
| 100 | @a20130115d2012 em y0chiy50 ea | |
| 101 | 0 | @achi |
| 102 | @aCN@b110000 | |
| 105 | @aa z 000cy | |
| 106 | @ar | |
| 200 | 1 | @a再见故宫@9zai jian gu gong@f安意如著@g李少白摄 |
| 210 | @a北京@c光明日报出版社@d2012.12 | |
| 215 | @a256页@c照片@d23cm | |
| 330 | @a本书内容包括:奈何、涟漪、遗恨、秉政、挨荣、盛衰、凄怨、悲凉。 | |
| 606 | 0 | @a散文集@y中国@z当代 |
| 606 | 0 | @a故宫@y北京@j摄影集 |
| 606 | 0 | @a散文集 |
| 606 | 0 | @a故宫 |
| 690 | @aI267@v5 | |
| 690 | @aK928.74-64@v5 | |
| 701 | 0 | @a安意如@9an yi ru@c(女,@f1984.6-)@4著 |
| 702 | 0 | @a李少白@9li shao bai@f(1942-)@4摄 |
| 801 | 0 | @aCN@b人天书店@c20130115 |
| 905 | @dI267@e1492 | |
| 再见故宫/安意如著/李少白摄.-北京:光明日报出版社,2012.12 |
| 256页:照片;23cm |
| ISBN 978-7-5112-3426-1:CNY39.80 |
| 本书内容包括:奈何、涟漪、遗恨、秉政、挨荣、盛衰、凄怨、悲凉。 |
| ● |
| 相关链接 |
|
|
|
|
正题名:再见故宫
索取号:I267/1492
 
预约/预借
| 序号 | 登录号 | 条形码 | 馆藏地/架位号 | 状态 | 备注 |
| 1 | 0543973 | 205439738 | 第一样本阅览室/ [索取号:I267/1492] | 在馆 | |
| 2 | 0543974 | 205439747 | 第二借阅区/ [索取号:I267/1492] | 在馆 | |
| 3 | 0543975 | 205439756 | 第二借阅区/ [索取号:I267/1492] | 在馆 | |
| 4 | 0543976 | 205439765 | 第二借阅区/ [索取号:I267/1492] | 在馆 | |
| 5 | 0543977 | 205439774 | 第二借阅区/ [索取号:I267/1492] | 在馆 |